000055440 001__ 55440
000055440 005__ 20230317124056.0
000055440 037__ $$aGDS-IMPORT-DOC-2007-Jun-69-1
000055440 041__ $$aEnglish
000055440 0881_ $$aGSI Diss 2005-07
000055440 088__ $$2GSI$$aGSI Diss 2005-07
000055440 1001_ $$0P:(DE-HGF)0$$aRicciardi, Maria Valentina $$b0$$eCorresponding author$$gfemale
000055440 245__ $$aHigh-resolution measurements of light nuclides produced in 1 A GeV $^{238}U$-induced reactions in hydrogen and in titanium (25.2.2005)
000055440 260__ $$aDarmstadt$$bGSI$$c2005
000055440 300__ $$a181 p.
000055440 3367_ $$0PUB:(DE-HGF)11$$2PUB:(DE-HGF)$$aDissertation / PhD Thesis$$bphd$$mphd$$s1395755380_13595
000055440 3367_ $$2DRIVER$$adoctoralThesis
000055440 3367_ $$2BibTeX$$aPHDTHESIS
000055440 3367_ $$02$$2EndNote$$aThesis
000055440 3367_ $$0PUB:(DE-HGF)15$$2PUB:(DE-HGF)$$aInternal Report$$mintrep
000055440 502__ $$aUniversidad de Santiago de Compostela, Diss., 2005$$bDr.$$cUniversidad de Santiago de Compostela$$d2005
000055440 500__ $$aIMPORT aus dem GDS: https://www.gsi.de/documents/DOC-2007-Jun-69.html
000055440 536__ $$0G:(DE-HGF)POF2-899$$a899 - ohne Topic (POF2-899)$$cPOF2-899$$fPOF I$$x0
000055440 650_7 $$0V:(DE-588b)4012494-0$$2GND$$aDissertation$$xDiss.
000055440 8564_ $$uhttps://repository.gsi.de/record/55440/files/GSI-Diss-2005-07.pdf$$yOpenAccess
000055440 909CO $$ooai:repository.gsi.de:55440$$pdnbdelivery$$pdriver$$pVDB$$popen_access$$popenaire$$qec_fundedresources
000055440 9131_ $$0G:(DE-HGF)POF2-899$$1G:(DE-HGF)POF2-890$$2G:(DE-HGF)POF2-800$$3G:(DE-HGF)POF2$$4G:(DE-HGF)POF$$aDE-HGF$$bProgrammungebundene Forschung$$lohne Programm$$vohne Topic$$x0
000055440 920__ $$lyes
000055440 9201_ $$0I:(DE-Ds200)BUD-20051214OR030$$kBUD$$lBibliothek & Dokumentation$$x0
000055440 970__ $$aGDS-IMPORT-DOC-2007-Jun-69
000055440 9801_ $$aFullTexts
000055440 9801_ $$aGSIasPublisher
000055440 980__ $$aphd
000055440 980__ $$aVDB
000055440 980__ $$aUNRESTRICTED
000055440 980__ $$aintrep
000055440 980__ $$aI:(DE-Ds200)20120319OR030
000055440 980__ $$aI:(DE-Ds200)BUD-20051214OR030
000055440 980__ $$aGSIasPublisher
000055440 980__ $$aFullTexts